What is their nationality? - Statistics

General Stats
  • This quiz has been taken 86 times
  • The average score is 9 of 10
Answer Stats
Person Country % Correct
Dwayne Johnson United States
99%
Nelson Mandela South Africa
95%
Justin Trudeau Canada
91%
Cristiano Ronaldo Portugal
91%
Yao Ming China
90%
Pope Francis Argentina
88%
Charles Darwin United Kingdom
88%
Heath Ledger Australia
75%
Alexander The Great Greece
74%
Edmund Hillary New Zealand
70%
No matching quizzes found
Score Distribution
Percent of People with Each Score
Percentile by Number Answered
Your Score History
You have not taken this quiz